<?xml version="1.0" encoding="UTF-8"?>
<record
    xmlns:xsi="http://www.w3.org/2001/XMLSchema-instance"
    xsi:schemaLocation="http://www.loc.gov/MARC21/slim http://www.loc.gov/standards/marcxml/schema/MARC21slim.xsd"
    xmlns="http://www.loc.gov/MARC21/slim">

  <leader>00172nam a22000857a 4500</leader>
  <controlfield tag="001">1258709</controlfield>
  <controlfield tag="005">20260324122911.0</controlfield>
  <datafield tag="245" ind1=" " ind2=" ">
    <subfield code="a">YE&#x15E;&#x130;L YOL</subfield>
    <subfield code="c">STEPHEN KING</subfield>
  </datafield>
  <datafield tag="260" ind1=" " ind2=" ">
    <subfield code="b">ALTIN</subfield>
  </datafield>
  <datafield tag="999" ind1=" " ind2=" ">
    <subfield code="c">1258709</subfield>
    <subfield code="d">1258709</subfield>
  </datafield>
  <datafield tag="952" ind1=" " ind2=" ">
    <subfield code="0">0</subfield>
    <subfield code="1">0</subfield>
    <subfield code="2">ddc</subfield>
    <subfield code="4">0</subfield>
    <subfield code="7">0</subfield>
    <subfield code="a">1071</subfield>
    <subfield code="b">1071</subfield>
    <subfield code="d">2026-03-24</subfield>
    <subfield code="l">1</subfield>
    <subfield code="o">T10</subfield>
    <subfield code="p">10716270</subfield>
    <subfield code="r">2026-04-21 12:21:56</subfield>
    <subfield code="s">2026-03-24</subfield>
    <subfield code="w">2026-03-24</subfield>
    <subfield code="y">BK</subfield>
  </datafield>
</record>
